| 000 | 00971nam a2200277 i 4500 | ||
|---|---|---|---|
| 001 | 8804 | ||
| 003 | ES-MaACL | ||
| 005 | 20250731005145.0 | ||
| 007 | t| | ||
| 008 | 920930s1992 sp ||||1| spa d | ||
| 020 | _a84-87661-23-8 | ||
| 080 | _a9(560:46)"19" | ||
| 080 | _a9(46:560)"19" | ||
| 100 | 1 |
_aMorales Lezcano, Víctor. _983046 |
|
| 245 | 1 | 0 |
_aEspaña y la cuestión de Oriente / _cVictor Morales Lezcano. |
| 260 |
_aMadrid : _bMinisterio de Asuntos Exteriores, _c1992. |
||
| 300 |
_a247 p. ; _cil. |
||
| 490 | 1 |
_aBiblioteca diplomática española. Sección Estudios ; _v9 |
|
| 650 | 1 | 4 |
_aOrientalismo español- _yS. XIX. _915771 |
| 651 | 4 |
_aTurquía- _xRelaciones- _zEspaña. _99463 |
|
| 651 | 4 |
_aEspaña- _xRelaciones- _zTurquía. _98478 |
|
| 710 | 1 |
_aEspaña. _bMinisterio de Asuntos Exteriores. _93845 |
|
| 830 | 0 | 0 |
_aBiblioteca diplomática española. _pEstudios _v9 _9179518 |
| 852 |
_aES-MaACL _jL-16161 _bR.120670 |
||
| 999 |
_c8804 _d8804 |
||